<?xml version="1.0" encoding="UTF-8"?>
<record
    xmlns:xsi="http://www.w3.org/2001/XMLSchema-instance"
    xsi:schemaLocation="http://www.loc.gov/MARC21/slim http://www.loc.gov/standards/marcxml/schema/MARC21slim.xsd"
    xmlns="http://www.loc.gov/MARC21/slim">

  <leader>02215nam a2200265 a 4500</leader>
  <controlfield tag="005">20231102151520.0</controlfield>
  <controlfield tag="008">150729s2002    mx a   f      001 0 spa d</controlfield>
  <datafield tag="020" ind1="1" ind2="0">
    <subfield code="a">9702602068</subfield>
  </datafield>
  <datafield tag="050" ind1=" " ind2=" ">
    <subfield code="a">QA76.758</subfield>
    <subfield code="b">S6518 2002</subfield>
  </datafield>
  <datafield tag="100" ind1="1" ind2="0">
    <subfield code="a">SOMMERVILLE, Ian</subfield>
    <subfield code="e">Autor</subfield>
    <subfield code="9">24224</subfield>
  </datafield>
  <datafield tag="240" ind1="1" ind2="0">
    <subfield code="a">Software Engineering</subfield>
    <subfield code="l">Espa&#xF1;ol</subfield>
  </datafield>
  <datafield tag="245" ind1="1" ind2="0">
    <subfield code="a">Ingenier&#xED;a de Software </subfield>
    <subfield code="c"> / Ian Sommerville</subfield>
  </datafield>
  <datafield tag="250" ind1=" " ind2=" ">
    <subfield code="a">6a ed.</subfield>
  </datafield>
  <datafield tag="260" ind1=" " ind2=" ">
    <subfield code="a">M&#xE9;xico :</subfield>
    <subfield code="b">Pearson Educaci&#xF3;n,</subfield>
    <subfield code="c">2002</subfield>
  </datafield>
  <datafield tag="300" ind1=" " ind2=" ">
    <subfield code="a">692 p&#xE1;ginas</subfield>
    <subfield code="b">Ilustraciones</subfield>
  </datafield>
  <datafield tag="336" ind1=" " ind2=" ">
    <subfield code="a">Texto</subfield>
  </datafield>
  <datafield tag="337" ind1=" " ind2=" ">
    <subfield code="a">Sin medio</subfield>
  </datafield>
  <datafield tag="338" ind1=" " ind2=" ">
    <subfield code="a">Volumen</subfield>
  </datafield>
  <datafield tag="500" ind1="1" ind2="0">
    <subfield code="a">Traducci&#xF3;n de Software Engineering</subfield>
  </datafield>
  <datafield tag="504" ind1=" " ind2=" ">
    <subfield code="6">Incluye Referencias Bibliogr&#xE1;ficas 663 p.</subfield>
  </datafield>
  <datafield tag="505" ind1="1" ind2="0">
    <subfield code="a">Contenido:

Prefacio
PARTE 1 PANORAMA GENERAL
Capitulo  1 Introducci&#xF3;n
Capitulo  2 Ingenier&#xED;a de sistemas basados en computadora 
Capitulo  3 Procesos del software 
Capitulo  4 Administraci&#xF3;n de Proyectos

PARTE 2 REQUERIMIENTOS

Capitulo 5 Requerimientos de software 
Capitulo 6 Procesos de la ingenier&#xED;a de requerimientos
Capitulo 7 Modelos de Sistemas
Capitulo 8 Construcci&#xF3;n de prototipos de Software
Capitulo 9 Especificaci&#xF3;n formal

PARTE 3 DISE&#xD1;O

Capitulo  10 Dise&#xF1;o arquitect&#xF3;nico
Capitulo  11 Arquitecturas de sistemas distribuidos
Capitulo  12 Dise&#xF1;o orientado a objetos
Capitulo  13 Dise&#xF1;o de software de tiempo real
Capitulo  14 Dise&#xF1;o de reutilizaci&#xF3;n
Capitulo  Dise&#xF1;o de interfaz de usuario 

PARTE 4 SISTEMAS CR&#xCD;TICOS

Capitulo 16 Confiabilidad
Capitulo 17 Especificaci&#xF3;n de sistemas cr&#xED;ticos
Capitulo 18 Desarrollo de sistemas cr&#xED;ticos

PARTE 5 VERIFICACI&#xD3;N Y VALIDACI&#xD3;N

Capitulo 19 Verificaci&#xF3;n y Validaci&#xF3;n 
Capitulo 20 Pruebas de software
Capitulo 21 Validaci&#xF3;n de sistemas cr&#xED;ticos

PARTE 6 ADMINISTRACI&#xD3;N

Capitulo 22 Administraci&#xF3;n personal
Capitulo 23 Estimaci&#xF3;n del costo del software
Capitulo 24 Administraci&#xF3;n de la calidad
Capitulo 25 Mejora de procesos 

PARTE 7 EVOLUCI&#xD3;N

Capitulo 26 Sistemas heredados
Capitulo 27 Cambios en el software
Capitulo 28 Reingenieria de software
Capitulo 29 Administraci&#xF3;n de la configuraci&#xF3;n 

Referencias
Indices








 

</subfield>
  </datafield>
  <datafield tag="650" ind1="1" ind2="4">
    <subfield code="a">INGENIER&#xCD;A DE SOFTWARE</subfield>
    <subfield code="9">13276</subfield>
  </datafield>
  <datafield tag="650" ind1="2" ind2="4">
    <subfield code="a">ADMINISTRACI&#xD3;N DE PROYECTOS</subfield>
    <subfield code="9">289</subfield>
  </datafield>
  <datafield tag="942" ind1=" " ind2=" ">
    <subfield code="2">lcc</subfield>
    <subfield code="c">LB</subfield>
  </datafield>
  <datafield tag="952" ind1=" " ind2=" ">
    <subfield code="0">0</subfield>
    <subfield code="1">0</subfield>
    <subfield code="2">lcc</subfield>
    <subfield code="4">0</subfield>
    <subfield code="7">0</subfield>
    <subfield code="a">12</subfield>
    <subfield code="b">12</subfield>
    <subfield code="d">2015-07-29</subfield>
    <subfield code="l">0</subfield>
    <subfield code="o">QA76.758 S6518 2002</subfield>
    <subfield code="p">12 002974</subfield>
    <subfield code="r">2015-04-22</subfield>
    <subfield code="t">1</subfield>
    <subfield code="w">2012-11-01</subfield>
    <subfield code="y">LB</subfield>
  </datafield>
  <datafield tag="999" ind1=" " ind2=" ">
    <subfield code="c">87997</subfield>
    <subfield code="d">87997</subfield>
  </datafield>
</record>
